000 00500cam a22002054a 4500
005 20250605164259.0
008 250528s ||||||||||||||||||||||||d
035 _a22013
020 _a9780071116299
040 _aGR-AtMCL
_bgre
_dGR-AtMCL
_eAACR2
245 1 _aMANAGEMENT INFORMATION SYSTEMS
250 _a7
260 _bMcgraw Hill,
_c2006
300 _a592
700 1 _aMarakas George M
_97884
700 1 _aO'Brien James
_97885
942 _cBK
999 _c7069
_d7069